[Event "Montebelluna op-B 5th"]
[Site "Montebelluna"]
[Date "2007.03.10"]
[Round "2"]
[White "Bortolotto, Denzio"]
[Black "Franco, Leopoldo"]
[Result "1-0"]
[WhiteElo "1611"]
[BlackElo "1450"]
[PlyCount "183"]
[EventDate "2007.03.09"]
[EventType "swiss"]
[EventRounds "5"]
[EventCountry "ITA"]
[SourceTitle "EXT 2008"]
[Source "ChessBase"]
[SourceDate "2007.11.25"]
[SourceVersion "1"]
[SourceVersionDate "2007.11.25"]
[SourceQuality "1"]

1. d4 d5 2. c4 e6 3. Nc3 Nf6 4. Bg5 Be7 5. Nf3 c5 6. e3 Nc6 7. Be2 cxd4 8. Nxd4 0-0 9. 0-0 Nxd4 10. Qxd4 dxc4 11. Qxc4 Bd7 12. Rad1 Rc8 13. Qb3 Qc7 14. h3 Bc6 15. Rc1 Qe5 16. Bf4 Qa5 17. Bb5 Bb4 18. Bxc6 Rxc6 19. Ne2 Rfc8 20. Rxc6 bxc6 21. a3 Bf8 22. Qb7 Re8 23. Qxc6 h6 24. Nc3 g5 25. Bg3 Qf5 26. e4 Qc5 27. Qxc5 Bxc5 28. b4 Bf8 29. e5 Nh5 30. Ne4 Bg7 31. Bh2 f6 32. exf6 Nxf6 33. Nc5 Nd5 34. Re1 Kf7 35. Ne4 Re7 36. Bd6 Rd7 37. Bc5 Bb2 38. a4 Nc3 39. Nd6+ Kg8 40. Rxe6 Nxa4 41. Rxh6 Nxc5 42. bxc5 Kf8 43. Rg6 Rc7 44. Rxg5 Ba3 45. Ne4 Kf7 46. Rd5 Ke6 47. Rh5 a5 48. Kf1 a4 49. Nc3 Bxc5 50. Nxa4 Ba7 51. Rh6+ Kd5 52. Rf6 Kd4 53. Ke2 Ke5 54. Rf8 Rc2+ 55. Kd3 Ra2 56. Nc3 Ra6 57. f4+ Ke6 58. f5+ Ke7 59. Rg8 Bg1 60. Nd5+ Kf7 61. Rd8 Ra2 62. Rd7+ Ke8 63. Re7+ Kf8 64. Re2 Ra3+ 65. Ke4 Ra4+ 66. Kf3 Bc5 67. g4 Rd4 68. Nf4 Ra4 69. Ne6+ Kf7 70. Nxc5 Rc4 71. Ne4 Rc1 72. Rd2 Rh1 73. Kf4 Ke7 74. Ng5 Kf8 75. Rd6 Ke7 76. Re6+ Kd7 77. Kg3 Rf1 78. h4 Rg1+ 79. Kf4 Ra1 80. h5 Ra4+ 81. Ne4 Ra1 82. h6 Rf1+ 83. Kg5 Rh1 84. h7 Kd8 85. Rh6 Rxh6 86. Kxh6 Ke7 87. h8Q Kd7 88. Qf6 Kc7 89. g5 Kb7 90. g6 Kc7 91. g7 Kb7 92. g8Q 1-0

[Event "Treviso WE op 28th"]
[Site "Treviso"]
[Date "2004.12.08"]
[Round "5.32"]
[White "Franco, Leopoldo"]
[Black "Perolin, Massimiliano"]
[Result "1-0"]
[WhiteElo "1495"]
[BlackElo "1440"]
[PlyCount "113"]
[EventDate "2004.12.04"]
[EventType "swiss"]
[EventCountry "ITA"]
[SourceTitle "EXT 2024"]
[Source "ChessBase"]
[SourceDate "2023.10.10"]
[SourceVersion "1"]
[SourceVersionDate "2023.10.10"]
[SourceQuality "1"]

1. d4 Nf6 2. c4 e6 3. Nc3 Bb4 4. a3 Bxc3+ 5. bxc3 d5 6. e3 Nbd7 7. Nf3 0-0 8. Be2 Re8 9. 0-0 Qe7 10. a4 c5 11. Ba3 b6 12. dxc5 bxc5 13. cxd5 Nxd5 14. Qd2 Nb8 15. Nd4 Bb7 16. Rab1 Qd7 17. Bb5 Bc6 18. Bxc5 a6 19. Bxc6 Nxc6 20. Rfd1 Nf6 21. Qc2 Qd5 22. Nb3 Qc4 23. Rd6 Qxa4 24. Ra1 Qe4 25. Qxe4 Nxe4 26. Rxc6 Nxc5 27. Nxc5 Rec8 28. Rcxa6 Rxa6 29. Rxa6 Kf8 30. Na4 Rd8 31. g3 g6 32. Nc5 Ke7 33. Ra7+ Ke8 34. Ne4 Kf8 35. f3 Kg7 36. Nf2 Rc8 37. Ne4 Kg8 38. Ra3 f5 39. Ng5 e5 40. Kf2 Kg7 41. f4 e4 42. Ke2 h6 43. Ne6+ Kf6 44. Nd4 Rb8 45. Rb3 Ra8 46. Nc2 Ke6 47. Rb6+ Kf7 48. Kd2 Rd8+ 49. Nd4 Rd7 50. c4 Rc7 51. Kc3 Ra7 52. Nc2 Rd7 53. Nd4 Ra7 54. c5 Rc7 55. Kb4 Kg7 56. c6 h5 57. Rb7 1-0

[Event "Treviso WE op 28th"]
[Site "Treviso"]
[Date "2004.12.05"]
[Round "2.24"]
[White "Conz, Flavio"]
[Black "Franco, Leopoldo"]
[Result "1-0"]
[WhiteElo "1649"]
[BlackElo "1495"]
[PlyCount "141"]
[EventDate "2004.12.04"]
[EventType "swiss"]
[EventCountry "ITA"]
[SourceTitle "EXT 2024"]
[Source "ChessBase"]
[SourceDate "2023.10.10"]
[SourceVersion "1"]
[SourceVersionDate "2023.10.10"]
[SourceQuality "1"]

1. e4 g6 2. Bc4 e6 3. Nc3 Bg7 4. d4 Ne7 5. Be3 0-0 6. Qd2 c6 7. g4 d5 8. Bb3 dxe4 9. Nxe4 Nd5 10. Bh6 Qh4 11. Bxg7 Kxg7 12. h3 Qe7 13. g5 f5 14. gxf6+ Nxf6 15. Ng3 Na6 16. 0-0-0 Nb4 17. c4 a5 18. a3 Na6 19. Nf3 b6 20. Ne5 Bb7 21. h4 c5 22. f3 Rad8 23. Qg5 Ng8 24. d5 Qxg5+ 25. hxg5 exd5 26. cxd5 Ne7 27. d6 Nf5 28. Nxf5+ Rxf5 29. Rhe1 Rxg5 30. Nf7 Bxf3 31. Nxg5 Bxd1 32. Ne6+ Kf6 33. Rxd1 Rd7 34. Nf8 Rd8 35. Nxh7+ Kg7 36. Ng5 Kf6 37. Rg1 Nb8 38. Nf7 Rd7 39. Rf1+ Kg7 40. Be6 Ra7 41. Ne5 b5 42. d7 Nxd7 43. Rf7+ Kh6 44. Nxd7 Rc7 45. Rf2 b4 46. Rc2 Rc6 47. Nxc5 bxa3 48. bxa3 Rd6 49. Rh2+ Kg7 50. Kb2 a4 51. Kc3 Rc6 52. Kd4 Kf6 53. Rf2+ Kg5 54. Kd5 Rb6 55. Ne4+ Kh6 56. Ke5 Rb5+ 57. Kf6 Kh7 58. Ng5+ Rxg5 59. Kxg5 Kg7 60. Rf4 Kh8 61. Bd7 Kg8 62. Bxa4 Kg7 63. Bc2 Kg8 64. a4 Kg7 65. a5 Kg8 66. a6 Kg7 67. a7 Kg8 68. a8Q+ Kg7 69. Qa6 Kh8 70. Kxg6 Kg8 71. Qc8# 1-0

[Event "Veneto-ch qf 62nd"]
[Site "Arqua Petrarca"]
[Date "2002.05.05"]
[Round "3.29"]
[White "Franco, Leopoldo"]
[Black "Angelini, Francesco"]
[Result "1/2-1/2"]
[WhiteElo "1400"]
[BlackElo "1300"]
[PlyCount "70"]
[EventDate "2002.05.04"]
[EventType "swiss"]
[EventRounds "6"]
[EventCountry "ITA"]
[SourceTitle "EXT 2024"]
[Source "ChessBase"]
[SourceDate "2023.10.10"]
[SourceVersion "1"]
[SourceVersionDate "2023.10.10"]
[SourceQuality "1"]

1. d4 f5 2. c3 Nf6 3. g3 e6 4. Bg2 Be7 5. h4 d6 6. Qb3 Nbd7 7. Bg5 Nb6 8. Nd2 Nfd5 9. e4 fxe4 10. Bxe4 Nf6 11. Bxf6 Bxf6 12. 0-0-0 Bd7 13. Nh3 d5 14. Bd3 Ba4 15. Bb5+ Bxb5 16. Qxb5+ c6 17. Qb3 a5 18. a4 Rb8 19. Rhe1 Kf7 20. f4 Re8 21. Ng5+ Bxg5 22. fxg5 Nd7 23. Qc2 Kg8 24. Nf3 b5 25. Ne5 Nxe5 26. Rxe5 bxa4 27. Qxa4 Qb6 28. Rd2 c5 29. dxc5 Qxc5 30. Rd4 Qd6 31. Re1 Qxg3 32. Qd1 Qh2 33. Re2 Qd6 34. h5 Qg3 35. Qd2 Qg1+ 1/2-1/2